01446nam a22003734a 4500001001200000003000800012006001900020007001500039008004100054010001700095020003400112040002100146035002100167050002200188082001600210245013000226260006300356300003200419490003100451504004100482533015200523650001700675650002300692650003000715650002400745655002900769700002300798700002300821700003600844710001700880830003200897856012600929999001701055ebr10046926CaPaEBRm u cr cn|||||||||990510s1999 ne a sb 000 0 eng c z 99031925  z079235821X (hb. : alk. paper) aCaPaEBRcCaPaEBR a(OCoLC)22804804814aQP94b.P75 1997eb04a612.4/122100aPrimary hematopoietic cellsh[electronic resource] /cedited by Manfred R. Koller, Bernhard O. Palsson and John R.W. Masters. aDordrecht ;aBoston :bKluwer Academic Publishers,cc1999. a342 p. :bill. (some col.).1 aHuman cell culture ;vv. 4 aIncludes bibliographical references. aElectronic reproduction.bPalo Alto, Calif. :cebrary,d2013.nAvailable via World Wide Web.nAccess may be limited to ebrary affiliated libraries. 0aBlood cells. 0aBone marrow cells. 0aHematopoietic stem cells. 0aHuman cell culture. 7aElectronic books.2local1 aKoller, Manfred R.1 aPalsson, Bernhard.1 aMasters, J. R. W.q(John R. W.)2 aebrary, Inc. 0aHuman cell culture ;vv. 4.40uhttp://site.ebrary.com/lib/rucke/Doc?id=10046926zAn electronic book accessible through the World Wide Web; click to view c73250d73250